Religions with the most followers - Statistics

General Stats
  • This quiz has been taken 25 times
  • The average score is 8 of 15
Answer Stats
Followers (in millions) Religion % Correct
~ 2000 Islam
100%
~ 2500 Christianity
91%
~ 500 Buddhism
86%
~ 1200 Hinduism
82%
~ 15 Judaism
73%
~ 30 Sikhism
68%
~ 3 Shinto
59%
~ 6 Jainism
55%
~ 9 Taoism
55%
~ 8 Bahá'í Faith
45%
~ 0.2 Zoroastrianism
27%
~ 1 Rastafari
14%
~ 2 Tenrikyo
9%
~ 4 Cao Dai
5%
~ 1.2 Cheondoism
5%
No matching quizzes found
Score Distribution
Percent of People with Each Score
Percentile by Number Answered
Your Score History
You have not taken this quiz